00431nam a2200157Ia 4500008004100000040001900041041001200060082002400072100001700096245005600113260002800169300002500197504001900222650001400241850001800255131103s9999 xx 000 0 und d aLoreto College aEnglish a910/FOXbLCBED/2450 aFox, Cyril S aPhysical geography for Indian studenyscCyril S Fox aLondonbMacmillanc1942 a564p.b pic.c 19cm. aIncludes index aGeography aLCBED/910/FOX